01093cam a2200265 4500001001300000003000400013005001700017008004100034010001700075040007700092050001500169082001200184100003000196245013800226260016300364300002200527350000900549650003500558650002800593700003600621700004800657710005500705740005000760999001700810hew68000129 DLC20260227111517.0690619s1968 dcu 000 0 eng c ahew68000129  aU.S. Dept. of Health, Education and Welfare. Library HV40.T23cDLCdDLC00aHV40b.T3800a353.0071 aTaylor, Eleanor Kendrick.10aAdministrative approaches to staff development in public welfare agencies,cby Eleanor K. Taylor, Eulene Hawkins, and Hilda P. Tebow. a[Washington]bU.S. Dept. of Health, Education, and Welfare, Social and Rehabilitation Service; [for sale by the Supt. of Docs., U.S. Govt. Print. Off.]c1968. avi, 23 p.c23 cm. a0.25 0aPublic welfarezUnited States. 0aEmployeesxTraining of.1 aHawkins, Eulene,ejoint author.1 aTebow, Hilda Pauline,d1912-ejoint author.1 aUnited States.bSocial and Rehabilitation Service.0 aStaff development in public welfare agencies. c34806d34806